| 000 | 00611nam a2200169 a 4500 | ||
|---|---|---|---|
| 001 | 000046562 | ||
| 005 | 20201002052948.0 | ||
| 008 | 150826s1974 xxub 000 0 spa d | ||
| 020 | _a0807724262 | ||
| 040 |
_aDO-SdBNP _bspa _cBNPHU |
||
| 082 |
_axxxxxxxxxx _bxxxxxxxxxx |
||
| 100 | 1 |
_aHendricks, Glenn _912673 |
|
| 245 | 1 | 0 |
_aThe dominican diaspora : _bfrom the Dominican Republic to New York City-villagers in transition / _cGlenn Hendricks. |
| 260 |
_aNew York, : _bTeachers College, _c1974. |
||
| 300 |
_a170 p. : _bmap. ; _c24 cm. |
||
| 500 | _aIncluye referencias bibliográficas y notas al pie de las páginas | ||
| 999 |
_c46051 _d46051 |
||